LEADER 02735nam 2200661 a 450 001 9910131030003321 005 20220504100358.0 010 $a1-283-14094-2 010 $a9786613140944 010 $a3-527-63694-3 010 $a3-527-63692-7 035 $a(CKB)3460000000003434 035 $a(EBL)822727 035 $a(SSID)ssj0000545047 035 $a(PQKBManifestationID)11386019 035 $a(PQKBTitleCode)TC0000545047 035 $a(PQKBWorkID)10554464 035 $a(PQKB)10592066 035 $a(MiAaPQ)EBC822727 035 $a(PPN)190187816 035 $a(EXLCZ)993460000000003434 100 $a20120111d2011 uy 0 101 0 $aeng 135 $aur|n|---||||| 181 $ctxt 182 $cc 183 $acr 200 00$aSurface and thin film analysis$b[electronic resource] $ea compendium of principles, instrumentation, and applications /$fedited by Gernot Friedbacher and Henning Bubert 205 $a2nd ed. 210 $aWeinheim, Germany $cWiley-VCH$d2011 215 $a1 online resource (559 p.) 300 $aDescription based upon print version of record. 311 $a3-527-32047-4 320 $aIncludes bibliographical references and index. 327 $apt. 1. Electron detection -- pt. 2. Ion detection -- pt. 3. Photon detection -- pt. 4. Scanning probe microscopy. 330 $aSurveying and comparing all techniques relevant for practical applications in surface and thin film analysis, this second edition of a bestseller is a vital guide to this hot topic in nano- and surface technology. This new book has been revised and updated and is divided into four parts - electron, ion, and photon detection, as well as scanning probe microscopy. New chapters have been added to cover such techniques as SNOM, FIM, atom probe (AP),and sum frequency generation (SFG). Appendices with a summary and comparison of techniques and a list of equipment suppliers make this book a rapid ref 606 $aThin films$xSurfaces$xAnalysis 606 $aElectron spectroscopy 606 $aSpectrum analysis 606 $aPel·lícules fines$2thub 606 $aEspectroscòpia d'electrons$2thub 608 $aLlibres electrònics$2thub 615 0$aThin films$xSurfaces$xAnalysis. 615 0$aElectron spectroscopy. 615 0$aSpectrum analysis. 615 7$aPel·lícules fines 615 7$aEspectroscòpia d'electrons 676 $a530.4275 676 $a541.33 701 $aFriedbacher$b Gernot$0903322 701 $aBubert$b H$g(Henning)$0903323 801 0$bMiAaPQ 801 1$bMiAaPQ 801 2$bMiAaPQ 906 $aBOOK 912 $a9910131030003321 996 $aSurface and thin film analysis$92019462 997 $aUNINA LEADER 03233nam 2200613Ia 450 001 9910780814303321 005 20230725044915.0 010 $a979-84-00-61564-1 010 $a1-282-38585-2 010 $a9786612385858 010 $a0-313-37757-X 024 7 $a10.5040/9798400615641 035 $a(CKB)2550000000000880 035 $a(EBL)492413 035 $a(OCoLC)550641070 035 $a(SSID)ssj0000334929 035 $a(PQKBManifestationID)11251325 035 $a(PQKBTitleCode)TC0000334929 035 $a(PQKBWorkID)10270713 035 $a(PQKB)11656820 035 $a(Au-PeEL)EBL492413 035 $a(CaPaEBR)ebr10358999 035 $a(CaONFJC)MIL238585 035 $a(MiAaPQ)EBC492413 035 $a(OCoLC)1395568860 035 $a(UkLoBP)BP9798400615641BC 035 $a(EXLCZ)992550000000000880 100 $a20230825e20222023 uy 0 101 0 $aeng 135 $aur|n|---||||| 181 $ctxt 182 $cc 183 $acr 200 10$aAthletes who indulge their dark side$b[electronic resource] $esex, drugs, and cover-ups /$fStanley H. Teitelbaum 205 $a1st ed. 210 1$aSanta Barbara :$cLibraries Unlimited,$d2022. 210 2$aLondon :$cBloomsbury Publishing (UK),$d2023. 215 $a1 online resource (196 p.) 300 $aDescription based upon print version of record. 311 $a0-313-37756-1 320 $aIncludes bibliographical references and index. 327 $aCover; Title; Copyright; Contents; Acknowledgments; Introduction; 1 The Steroids Scandal; 2 The Dangers of Invincibility; 3 Recent Gambling Scandals; 4 Athletes Who Flirt with Disaster; 5 Women Involved in Sports Scandals; 6 Murder Scandals; 7 Cover-Ups; Epilogue; Notes; Index 330 $aA leading psychologist explores the phenomenon of athletes across the sports world who engage in high-risk behavior that often destroys lives, bodies, and reputations. From sex and drugs to violence, gambling, and wholesale conspiracies, scandals are everywhere in sports. Each of these problems is its own issue, and every case is separate, but taken as a whole this criminal pathology is indicative of a widespread problem with athletes and responsibility. In this wide-ranging and deep-seeking investigation, psychologist Stanley H. Teitelbaum asks why elite athletes take enormous risks with their lives and careers. Teitelbaum analyzes and diagnoses this culturally resonant set of problems with an honest, critical eye, looking at everything from baseball's steroid abusers to gambling scandals in the NBA to the steady stream of athletes arrested for domestic violence to the murder trials of O.J. Simpson and wrestler Chris Benoit. A concluding chapter holds sports commissioners and others to task for hiding behind a fac?ade of ignorance and duplicitous nai?vete? in attempting to cover up or defuse brewing scandals. 606 $aSports psychology$2bicssc 615 7$aSports psychology 676 $a796.01 676 $a796/.01 700 $aTeitelbaum$b Stanley H.$01560022 801 0$bUkLoBP 801 1$bUkLoBP 906 $aBOOK 912 $a9910780814303321 996 $aAthletes who indulge their dark side$93825656 997 $aUNINA